Statistics for Largest Metro Areas in the US (Extreme)

Click here to take the quiz!

General Stats

  • This quiz has been taken 69 times
  • The average score is 143 of 200

Answer Stats

RankPopulationStateAnswer% Correct
96,089,815GAAtlanta
100%
39,618,502IL-WI-INChicago
100%
47,637,387TXDallas
100%
192,963,821CODenver
100%
292,265,461NVLas Vegas
100%
213,200,998CALos Angeles
100%
86,138,333FLMiami
100%
163,690,261MN-WIMinneapolis
100%
232,673,376FLOrlando
100%
114,845,832AZPhoenix
100%
173,298,634CASan Diego
100%
154,018,762WASeattle
100%
212,820,253MO-ILSt. Louis
100%
222,660,329NC-SCCharlotte
98%
302,256,884OH-KY-INCincinnati
98%
144,392,041MIDetroit
98%
57,122,240TXHouston
98%
97591,978MSJackson
98%
391,605,848FLJacksonville
98%
431,337,779TN-MS-ARMemphis
98%
252,512,859OR-WAPortland
98%
104551,740MEPortland
98%
124,749,008CASan Francisco
98%
183,175,275FLTampa
98%
282,283,371TXAustin
96%
202,844,510MDBaltimore
96%
342,088,251OHCleveland
96%
332,111,040INIndianapolis
96%
312,192,035MO-KSKansas City
96%
401,574,731WIMilwaukee
96%
461,271,845LANew Orleans
96%
120,140,470NY-PA-CT-NJNew York City
96%
411,425,695OKOklahoma City
96%
76,245,051PA-NJ-DE-MDPhiladelphia
96%
272,370,930PAPittsburgh
96%
441,314,434VARichmond
96%
471,257,936UTSalt Lake City
96%
352,000,468CASan Jose
96%
66,385,162DC-VA-MDWashington
96%
501,115,289ALBirmingham
94%
104,941,632MA-NHBoston
94%
322,138,926OHColumbus
94%
157328,883GA-ALColumbus
94%
67868,859TXEl Paso
94%
561,008,654CAFresno
94%
451,285,439KY-INLouisville
94%
361,989,519TNNashville
94%
381,676,579RI-MAProvidence
94%
262,397,382CASacramento
94%
242,558,143TXSan Antonio
94%
77764,718IDBoise
92%
491,166,902NYBuffalo
92%
126430,197ALMobile
92%
531,043,433AZTucson
92%
63899,262NYAlbany
91%
61916,528NMAlbuquerque
91%
541,016,508HIHonolulu
91%
80748,031ARLittle Rock
91%
112490,596NVReno
91%
551,015,331OKTulsa
91%
371,799,674VA-NCVirginia Beach
91%
66870,569LABaton Rouge
89%
79755,105COColorado Springs
89%
421,413,982NCRaleigh
89%
117475,432MOSpringfield
89%
84699,162MASpringfield
89%
87680,796WIMadison
87%
142386,047ALMontgomery
87%
58967,604NE-IAOmaha
87%
134,599,839CARiverside
87%
135404,798GASavannah
87%
144384,298FLTallahassee
87%
88675,966NCWinston-Salem
87%
74799,636SCCharleston
85%
190258,859WVCharleston
85%
73814,049OHDayton
85%
521,087,592MIGrand Rapids
85%
481,213,531CTHartford
85%
94646,604OHToledo
85%
72829,470SCColumbia
83%
82709,466IADes Moines
83%
511,090,135NYRochester
83%
125433,353ORSalem
83%
62909,235CABakersfield
81%
76776,566NCGreensboro
81%
109516,811KYLexington
81%
152340,217NELincoln
81%
83702,219OHAkron
79%
101562,647TN-GAChattanooga
79%
129421,933TXCorpus Christi
79%
98591,712PAHarrisburg
79%
64879,773TNKnoxville
79%
68864,835CTNew Haven
79%
91662,057NYSyracuse
79%
93647,610KSWichita
79%
145382,971OREugene
77%
106541,297MILansing
77%
100567,559PAScranton
77%
99585,784WASpokane
77%
75779,233CAStockton
77%
95611,000GA-SCAugusta
75%
92649,903NCDurham
75%
158328,268WIGreen Bay
75%
111491,723ALHuntsville
75%
192249,843ND-MNFargo
74%
105546,725ARFayetteville
74%
108520,378NCFayetteville
74%
140393,406LAShreveport
74%
177276,730SDSioux Falls
74%
57978,529MA-CTWorcester
74%
183268,691TXAmarillo
72%
138398,328AKAnchorage
72%
131419,601INFort Wayne
72%
161321,368TXLubbock
72%
141387,340NJTrenton
72%
173285,905NCWilmington
72%
59957,419CTBridgeport
70%
181270,876PAErie
70%
134406,211MIFlint
70%
128422,937NHManchester
70%
89671,185UTProvo
68%
69861,889PA-NJAllentown
66%
148372,258MIAnn Arbor
66%
90668,921FLDaytona Beach
66%
60928,195SCGreenville
66%
65870,781TXMcAllen
66%
199233,152KSTopeka
66%
153339,247FLGainesville
64%
151359,066COFort Collins
62%
116478,384LALafayette
62%
70843,843CAOxnard
62%
163315,251VARoanoke
62%
155330,758COBoulder
60%
102552,984PALancaster
60%
197233,802GAMacon
60%
103552,878CAModesto
60%
176277,547TXWaco
60%
107541,243OH-PAYoungstown
60%
120469,015NCAsheville
58%
130421,017TXBrownsville
58%
178276,520IACedar Rapids
58%
187267,114TXLaredo
58%
110509,905FLPensacola
58%
121456,438PAYork
58%
143384,324IA-ILDavenport
57%
170291,638MN-WIDuluth
57%
136402,391ILPeoria
57%
78760,822FLCape Coral
55%
164314,049IN-KYEvansville
55%
86694,863UTOgden
55%
115487,657FLPort St. Lucie
55%
154338,798ILRockford
55%
160324,501IN-MISouth Bend
55%
184268,674ALTuscaloosa
51%
180274,534NJAtlantic City
49%
133416,259MSGulfport
49%
81725,046FLLakeland
49%
113488,863CASanta Rosa
49%
139397,565TXBeaumont
47%
162320,535TN-KYClarksville
47%
150359,862WV-KY-OHHuntington
47%
114487,722SC-NCMyrtle Beach
47%
191256,728WAYakima
47%
137401,574OHCanton
45%
194244,310AR-OKFort Smith
45%
167294,793WAOlympia
45%
85697,221NYPoughkeepsie
45%
188261,670MIKalamazoo
43%
124439,035CASalinas
43%
198233,479TXTyler
43%
169292,264NYUtica
43%
186268,248TXCollege Station
42%
127428,849PAReading
42%
119473,117CAVisalia
42%
195243,147WIAppleton
38%
118475,367TXKilleen
38%
189261,593VALynchburg
38%
147375,752FLNaples
38%
182270,861CASanta Cruz
38%
193247,138NYBinghamton
36%
166303,622WAKennewick
36%
175281,202CAMerced
36%
146375,908FLOcala
36%
132418,046MD-DESalisbury
36%
159327,997SCSpartanburg
36%
123448,229CASanta Maria
34%
96606,612FLPalm Bay
32%
156328,981COGreeley
30%
174282,424CASan Luis Obispo
30%
122453,491CAVallejo
30%
168293,844MD-WVHagerstown
28%
172286,184TXLongview
28%
149365,276NCHickory
26%
71833,716FLNorthport
26%
165307,614TN-VAKingsport
25%
196236,209AZPrescott
23%
185268,555CTNorwich
21%
179275,611WABremerton
17%
200231,767ALDaphne
13%
171286,973FLCrestview
11%

Score Distribution

Percentile by Number Answered

Percent of People with Each Score

Your Score History

You have not taken this quiz